Informe país estado del medio ambiente en Chile comparación, 1999-2015

Salvato in:
Dettagli Bibliografici
Enti autori: Universidad de Chile (Autore), Instituto de Asuntos Públicos (Autore), Centro de Análisis de Políticas Públicas (Autore)
Natura: Libro
Lingua:spagnolo
Pubblicazione: Santiago Centro de Análisis de Políticas Públicas 2016
Edizione:1a. ed
Soggetti:
Tags: Aggiungi Tag
Nessun Tag, puoi essere il primo ad aggiungerne!!

MARC

LEADER 00000cam a2200000 a 4500
001 UCD9565
003 CL-VaPUC
005 20230504101107.0
008 170626e20160400cl |||||||||||||||||spa|d
999 |c 368676  |d 368674 
020 |a 9789561909946 
040 |c Pontificia Universidad Católica de Valparaíso 
082 0 4 |a 333.7  |b UNI  |2 21 
110 2 |a Universidad de Chile  |e author  |9 593217 
245 1 0 |a Informe país estado del medio ambiente en Chile comparación, 1999-2015 
250 |a 1a. ed 
260 |a Santiago  |b Centro de Análisis de Políticas Públicas  |c 2016 
300 |a 604 p 
583 |a last modification  |c 20170626 01:10:00  |k Rodrigo Vera 
650 7 |a Medioambiente   |2 CL-VaPUC  |9 327372  |x Gestión ambiental  |x Factor social 
650 0 |a Recursos naturales  |9 346690  |x Biodiversidad  
651 |a Chile  |9 881982 
710 2 |a Instituto de Asuntos Públicos  |e author  |9 593218 
710 2 |a Centro de Análisis de Políticas Públicas  |e author  |9 593219 
942 |c BK  |2 ddc 
945 |d 20170626 01:10:00  |a arojas 
952 |0 0  |1 0  |3 erb  |4 0  |6 333_700000000000000_UNI_2016  |7 0  |8 A  |9 484077  |a BIBAGR  |b BIBAGR  |i 5401496  |l 1  |m 1  |o 333.7 UNI 2016  |p 5401496  |r 2025-01-20  |s 2022-04-05  |w 2019-11-24  |y BK  |z Catalogado en:20170626  |k AGR